000 00553nam a22001457a 4500
005 20241212102201.0
008 240924b ||||| |||| 00| 0 eng d
082 _2DPer050 M72 January-March 2018 v. 66 no. 8-10
100 _aDe Guzman, Marvin D.
_eauthor.
_961548
245 _aAng pambansang araw ng bandila /
_cMarvin D. De Guzman.
260 _aPhilippines;
_bPublishers Association of the Philippines, Inc.,
_cJune 2018.
300 _aVolume 66, pages 35-36,
_billustration.
700 _aDe Guzman, Marvin D.
_eauthor.
_961548
942 _2ddc
_cPER
999 _c21812
_d21812